• 首页
  • 本馆介绍
  • 公告通知
  • 最新文献
  • 馆藏检索
  • 电子资源
  • 读者导购
  • 参考咨询
  • 我的图书馆
  • 登录
  • 详细信息显示
  • 放入我的书架
  • 预约/预借图书
  • 作者相关作品
  • 分类相关作品
  • 丛书相关作品
  • 出版社相关作品

书目信息

  • 表格格式
  • 工作单格式
  • 卡片格式
题名:
东庐中学教育变革研究
    
 
作者: 何善亮 著
分册:  
出版信息: 南京   南京师范大学出版社  2014
页数: 316页
开本: 23cm
丛书名: 课程与教学研究论丛
单 册:
中图分类: G639.21
科图分类:
主题词: 中学教育--zhong xue jiao yu--教育改革--研究--南京
电子资源:
ISBN: 978-7-5651-1990-3
000 01029nam0 22002531 450
001 387832
005 20170502165552.0
010    @a978-7-5651-1990-3@dCNY42.00
100    @a20160128d2014 em y0chiy50 ea
101 0  @achi
102    @aCN@b320000
105    @aa z 000yy
106    @ar
200 1  @a东庐中学教育变革研究@9dong lu zhong xue jiao yu bian ge yan jiu@f何善亮著
210    @a南京@c南京师范大学出版社@d2014
215    @a316页@c图,照片@d23cm
225 2  @a课程与教学研究论丛@9ke cheng yu jiao xue yan jiu lun cong
330    @a本书以江苏省东庐中学为对象,深入探究其教育变革成功的根本原因,系统剖析变革过程中的课程、教学、评价、管理、教师、领导、学校文化、师生关系,以期对农村学校还占相当比例的当下中国基础教育实践以及中国本土教育教学理论建设发挥切实作用。
461  0 @12001 @a课程与教学研究论丛
606 0  @a中学教育@9zhong xue jiao yu@x教育改革@x研究@y南京
690    @aG639.21@v5
701  0 @a何善亮@9he shan liang@f(1963~)@4著
801  0 @aCN@b百万庄@c20170308
905    @b1004254-9@dG639.21@e1220@f6
    
    东庐中学教育变革研究/何善亮著 .-南京:南京师范大学出版社,2014
    316页:图,照片;23cm.-(课程与教学研究论丛)
    
    
    ISBN 978-7-5651-1990-3:CNY42.00
    本书以江苏省东庐中学为对象,深入探究其教育变革成功的根本原因,系统剖析变革过程中的课程、教学、评价、管理、教师、领导、学校文化、师生关系,以期对农村学校还占相当比例的当下中国基础教育实践以及中国本土教育教学理论建设发挥切实作用。
●
相关链接 在E读中查询图书 在五车中查询图书 在当当中查询图书 在豆瓣中查询图书


正题名:东庐中学教育变革研究     索取号:G639.21/1220         预约/预借

序号 登录号 条形码 馆藏地/架位号 状态 备注
1 1004254   210042540   第一样本阅览室/ [索取号:G639.21/1220] 在馆    
2 1004255   210042559   教育系资料室/ [索取号:G639.21/1220] 在馆    
3 1004256   210042568   教育系资料室/ [索取号:G639.21/1220] 在馆    
4 1004257   210042577   教育系资料室/ [索取号:G639.21/1220] 在馆    
5 1004258   210042586   第四借阅区/ [索取号:G639.21/1220] 在馆    
6 1004259   210042595   第四借阅区/ [索取号:G639.21/1220] 在馆    
唐山师范学院图书馆 欢迎您!
大连网信软件有限公司© 版权所有